000 00745nam a2200241 i 4500
001 bgj
100 1 _aMARSDEN, Bob
245 1 0 _aPeople and Places :
_bBritish life and culture for students of English /
_cBob Marsden and Nick McIver.
260 _aLondon :
_bBBC English,
_c1990.
300 _aset of 2 video cassettes.
650 9 _aEnglish language
_xSpoken English
650 9 _aVideo tapes in education
651 9 _aGreat Britain
_xSocial life and culture
655 _aTextbooks for foreigners
655 _aProblems, excercises, etc.
700 1 _aMCIVER, Nick.
_eco-author
020 _a1854971565
040 _cBPK
041 0 _aeng
920 _a1-85497-156-5
942 _cKS
008 s uk f |000 0 eng
999 _c50987
_d50987
856 _uhttp://koha.tu.koszalin.pl/cgi-bin/koha/opac-detail.pl?biblionumber=50987
_yKatalog online BPK